Undang-undang umum

Bibliographic Details
Corporate Author: Malaysia
Format: Book
Published: Kuala Lumpur : MDC Penerbit Pencetak Sdn.Bhd. , 1995
Series:Undang-Undang Malaysia
Subjects:

MARC

LEADER 00000cam a2200000 7i4500
001 0000033613
002 000036287
005 20161214.0
020 |a 9677003348 
090 0 0 |a 344   |b MAL 
110 1 |a Malaysia   |c Jabatan Perkhidmatan Awam 
245 0 0 |a Undang-undang umum 
260 |a Kuala Lumpur :   |b MDC Penerbit Pencetak Sdn.Bhd. ,   |c 1995 
300 |a 380p. ;   |c 26cm. 
490 0 |a Undang-Undang Malaysia 
500 |a Semua pindaan hingga Julai,1995 
650 0 0 |a Employee deposits   |x Law and legislation   |z Malaysia 
650 0 0 |a Law   |z Malaysia 
999 |a 043701   |b BUKU   |c AKTA   |e PERPUSTAKAAN KOMUNITI PETALING JAYA